| 000 | 011050000a22002890004500 | ||
|---|---|---|---|
| 003 | EG-GICUC | ||
| 005 | 20250223030046.0 | ||
| 008 | 090914s1997 ua d f m 000 0 eng d | ||
| 040 |
_aEG-GiCUC _beng _cEG-GiCUC |
||
| 041 | 0 | _aeng | |
| 049 | _aDeposite | ||
| 097 | _aPh.D | ||
| 099 | _aCai01.11.03.Ph.D.1997.So.S | ||
| 100 | 0 | _aSoad Mohamed Arram | |
| 245 | 1 | 0 |
_aStudy of insulin antibodies in aged egyptians / _cSoad Mohamed Arram ; Supervised Mohamed T. Abdelaziz , Rawia A. Khater , Samia Moustafa Mohamed |
| 246 | 1 | 5 | _aدراسة مضادات الانسولين فى كبار السن المصريين |
| 260 |
_aCairo : _bSoad Mohamed Arram , _c1997 |
||
| 300 |
_a176 Leaves : _bcharts ; _c30cm |
||
| 502 | _aThesis(Ph.D.) - Cairo University - Faculty of Medicine - Department of Medical Biochemistry | ||
| 700 | 0 |
_aMohamed Talaat Abdelaziz , _eSupervisor |
|
| 700 | 0 |
_aRawia Ahmed Khater , _eSupervisor |
|
| 700 | 0 |
_aSamia Moustafa Mohamed , _eSupervisor |
|
| 856 | _uhttp://172.23.153.220/th.pdf | ||
| 905 |
_aGihan _eCataloger |
||
| 905 |
_aNazla _eRevisor |
||
| 942 |
_2ddc _cTH |
||
| 999 |
_c26585 _d26585 |
||